[Event "European Amateur-ch U2300 2019"]
[Site "Rhodes"]
[Date "2019.04.06"]
[Round "1.1"]
[White "Andreev, Stanislav"]
[Black "Yungucu, Arda"]
[Result "0-1"]
[WhiteElo "2140"]
[BlackElo "1959"]
[Annotator "TA"]
[PlyCount "108"]
[EventDate "2019.04.06"]
[EventType "swiss"]
[EventCountry "GRE"]
[SourceTitle "playchess.com"]
[Source "ChessBase"]
[SourceQuality "1"]

{[%evp 14,108,59,51,82,46,47,39,51,49,58,29,45,0,28,26,17,9,45,-25,0,0,0,5,31,41,35,18,13,4,29,0,0,0,2,4,69,11,41,0,19,-10,79,-77,22,-25,0,0,0,-9,9,5,7,7,0,-28,0,0,0,0,0,0,0,0,0,0,0,0,0,-209,-200,-190,-210,-812,-799,-798,-786,-772,-793,-714,-697,-950,-962,-907,-902,-29990,-1680,-29991,-29991,-29991,-29991,-29991,-29992,-29995,-29996,-29996,-29990]} 1. d4 Nf6 2. c4 g6 3. Nc3 Bg7 4. e4 d6 5. f3 O-O 6. Be3 e5 7. d5 c6 8. Qd2 b5 {E88: King's Indian: Sämisch: 6...e5 7 d5 c6} (8... cxd5 9. cxd5 a6 10. Bd3 Nh5 11. Nge2 Nd7 12. O-O f5 13. exf5 gxf5 14. Bxf5 Rxf5 15. g4 Nb6 16. b3 Rxf3 17. Rxf3 Bxg4 18. Rf2 Nd7 19. Ne4 Ndf6 20. Nxf6+ Nxf6 21. Ng3 Qe8 {1-0 (55) Morozevich,A (2748)-Grischuk,A (2764) Beijing 2012}) 9. dxc6 bxc4 10. Bxc4 {Threatens to win with Bb5.} Nxc6 {White is slightly better.} 11. Nge2 $146 ({Predecessor:} 11. Nb5 d5 12. Bxd5 Nxd5 13. exd5 Ba6 14. Bc5 Bxb5 15. Bxf8 Qxf8 16. dxc6 Bxc6 {0-1 (66) And,N-Bujan Mosteiro,C Spain 1989}) 11... Na5 12. Bb5 Be6 13. O-O a6 14. Bd3 d5 15. exd5 Nxd5 16. Bc5 (16. Nxd5 $14 Qxd5 17. Be4 Qxd2 18. Bxd2) 16... Nxc3 17. Nxc3 ({Wrong is} 17. Qxc3 $2 e4 $1 $19 {[%mdl 512]}) 17... Re8 18. Rfd1 Qc7 19. Qf2 {aiming for Bb6.} Nc6 $1 20. Ne4 Nd4 21. b4 f5 22. Nd6 Red8 23. Nc4 $1 Qf7 24. Nb6 Ra7 (24... Rab8 $11) 25. Bf1 (25. f4 $14) 25... a5 26. b5 (26. f4 $5 {[%cal Rf4e5]} axb4 27. fxe5 $14) 26... Rc7 27. Na4 $1 Rcd7 {[#]} (27... Rcc8 $11) 28. b6 $2 {[#]} (28. Bb6 $1 $16 {and life is bright.}) 28... Bd5 ({Black should try} 28... e4 $1 $17 {White must now prevent ...Nxf3+!} 29. fxe4 fxe4 30. Qxf7+ Bxf7) 29. Nc3 Bc4 30. Rac1 Bh6 31. Rb1 Bxf1 32. Qxf1 Rc8 $1 {[%cal Rc8c5]} 33. Bxd4 exd4 34. Nb5 Be3+ 35. Kh1 Qxa2 36. Na7 Rb8 {...Qe6 is the strong threat.} 37. Nc6 Rbb7 $36 {[%mdl 2048] White is under pressure.} 38. Qb5 d3 39. Qe5 f4 40. Qe8+ Kg7 {Strongly threatening ...d2.} 41. Nd8 $2 (41. Qe5+ $11 {and White has nothing to worry.} Kh6 42. Qf6 (42. Rb5 $2 Qc2 $19)) 41... Re7 $19 42. Qc6 Qc2 {And now ...Rxb6! would win.} 43. Qd6 $2 (43. Ne6+ Kg8 44. Qd6) 43... Rbd7 44. Ne6+ Kf6 45. Qb8 Kxe6 ({Not} 45... Rxe6 46. b7 $11) 46. Qg8+ Kf6 47. Qf8+ Rf7 48. Qh8+ Kg5 49. g4 Qe2 (49... Kh4 $142 50. Qb2 Kh3 51. Rf1 a4 52. b7 Rxb7 53. Qxc2 dxc2 54. Rbc1 Bxc1 55. Rxc1 Rb1 56. Kg1 Rxc1+ 57. Kf2 Rd1 58. Ke2 c1=Q 59. g5 Rd2#) 50. Rf1 Kh4 {Black mates.} 51. Rbe1 {[#]} Kh3 $1 {[%csl Gh3][%cal Re2h2]} 52. Rxe2 dxe2 {[%cal Re2f1]} 53. Re1 Rd1 {[%cal Rd1e1]} 54. Qc3 Bd2 {Accuracy: White = 40%, Black = 37%.} 0-1

[Event "European Amateur-ch U2300 2019"]
[Site "Rhodes"]
[Date "2019.04.06"]
[Round "1.2"]
[White "Samaridis, Konstantinos"]
[Black "Cmiel, Thorsten"]
[Result "1-0"]
[WhiteElo "2022"]
[BlackElo "2109"]
[Annotator "NA"]
[PlyCount "71"]
[EventDate "2019.04.06"]
[EventType "swiss"]
[EventCountry "GRE"]
[SourceTitle "playchess.com"]
[Source "ChessBase"]
[SourceQuality "1"]
[TimeControl "40/5400+30:1800+30"]

1. e4 {[%emt 0:00:00]} c6 {[%emt 0:00:00]} 2. d4 {[%emt 0:00:00]} d5 {[%emt 0:00:00]} 3. Nd2 {[%emt 0:00:07]} dxe4 {[%emt 0:00:04]} 4. Nxe4 {[%emt 0:00:05]} Bf5 {[%emt 0:00:39]} 5. Ng3 {[%emt 0:00:06]} Bg6 {[%emt 0:00:05]} 6. h4 {[%emt 0:00:06]} h6 {[%emt 0:00:05]} 7. Nf3 {[%emt 0:00:05]} e6 {[%emt 0:00:33]} 8. Ne5 {[%emt 0:00:14]} Bh7 {[%emt 0:00:06]} 9. Bd3 {[%emt 0:00:23]} Bxd3 {[%emt 0:00:09]} 10. Qxd3 {[%emt 0:00:06]} Nd7 {[%emt 0:00:17]} 11. f4 {[%emt 0:00:08]} Be7 {[%emt 0:00:04]} 12. Bd2 {[%emt 0:00:09]} Nxe5 {[%emt 0:00:09]} 13. fxe5 {[%emt 0:00:19]} Bxh4 {[%emt 0:00:12]} 14. O-O-O {[%emt 0:00:05]} Bxg3 {[%emt 0:00:48]} 15. Qxg3 {[%emt 0:00:08]} Ne7 {[%emt 0:00:12]} 16. Qxg7 {[%emt 0:00:13]} Rg8 {[%emt 0:00:05]} 17. Qxh6 {[%emt 0:00:15]} Qd5 {[%emt 0:00:05]} 18. Kb1 {[%emt 0:05:27]} O-O-O {[%emt 0:03:15]} 19. Qf6 {[%emt 0:04:56]} Nf5 {[%emt 0:22:20]} 20. Rh7 {[%emt 0:04:21]} Rxg2 {[%emt 0:13:30]} 21. Qxf7 {[%emt 0:00:10]} Qd7 {[%emt 0:00:35]} 22. Qxd7+ {[%emt 0:03:21]} Rxd7 {[%emt 0:02:31]} 23. Rxd7 {[%emt 0:00:05]} Kxd7 {[%emt 0:00:19]} 24. c3 {[%emt 0:00:07]} c5 {[%emt 0:03:08]} 25. dxc5 {[%emt 0:21:35]} Kc6 {[%emt 0:01:53]} 26. b4 {[%emt 0:12:20]} Re2 {[%emt 0:13:54]} 27. Kc2 {[%emt 0:21:18]} Rxe5 {[%emt 0:00:29]} 28. Re1 {[%emt 0:01:04]} Rxe1 {[%emt 0:09:15]} 29. Bxe1 {[%emt 0:01:02]} Kd5 {[%emt 0:04:45]} 30. Kd3 {[%emt 0:01:21]} e5 {[%emt 0:00:55]} 31. c4+ {[%emt 0:00:17]} Ke6 {[%emt 0:00:05]} 32. Ke4 {[%emt 0:05:54]} Nd4 {[%emt 0:09:00]} 33. Bc3 {[%emt 0:02:10]} Nc2 {[%emt 0:00:35]} 34. Kd3 {[%emt 0:02:34]} Na3 {[%emt 0:00:10]} 35. Bb2 {[%emt 0:00:34]} e4+ {[%emt 0:00:11]} 36. Kc3 {[%emt 0:00:25] Kd5 [%emt 00:00:28]} 1-0

[Event "European Amateur-ch U2300 2019"]
[Site "Rhodes"]
[Date "2019.04.06"]
[Round "1.3"]
[White "Minko, Dmitry"]
[Black "Stavropoulos, Konstantinos"]
[Result "1/2-1/2"]
[WhiteElo "2169"]
[BlackElo "2001"]
[Annotator "NA"]
[PlyCount "53"]
[EventDate "2019.04.06"]
[EventType "swiss"]
[EventCountry "GRE"]
[SourceTitle "playchess.com"]
[Source "ChessBase"]
[SourceQuality "1"]
[TimeControl "40/5400+30:1800+30"]

1. e4 {[%emt 0:00:00]} c6 {[%emt 0:00:00]} 2. d4 {[%emt 0:00:00]} d5 {[%emt 0:00:13]} 3. exd5 {[%emt 0:00:12]} cxd5 {[%emt 0:00:08]} 4. Bd3 {[%emt 0:00:06]} Nc6 {[%emt 0:00:52]} 5. c3 {[%emt 0:00:31]} Qc7 {[%emt 0:00:13]} 6. Nd2 {[%emt 0:12:55]} g6 {[%emt 0:09:38]} 7. Ndf3 {[%emt 0:07:56]} Bf5 {[%emt 0:14:44]} 8. Bxf5 {[%emt 0:07:18]} gxf5 {[%emt 0:00:10]} 9. Ne2 {[%emt 0:06:34]} e6 {[%emt 0:00:06]} 10. g3 {[%emt 0:28:28]} Nf6 {[%emt 0:01:47]} 11. Nf4 {[%emt 0:01:03]} Ne4 {[%emt 0:05:35]} 12. Nd2 {[%emt 0:10:07]} Nf6 {[%emt 0:07:28]} 13. O-O {[%emt 0:02:01]} h5 {[%emt 0:09:59]} 14. Nf3 {[%emt 0:02:46]} Ne4 {[%emt 0:03:52]} 15. Be3 {[%emt 0:05:03]} Be7 {[%emt 0:16:43]} 16. h4 {[%emt 0:01:06]} O-O-O {[%emt 0:02:07]} 17. Qa4 {[%emt 0:03:26]} Bd6 {[%emt 0:06:01]} 18. Nd2 {[%emt 0:03:47]} Rhg8 {[%emt 0:07:38]} 19. Nxe4 {[%emt 0:01:47]} Bxf4 {[%emt 0:00:12]} 20. Bxf4 {[%emt 0:01:03]} Qxf4 {[%emt 0:00:04]} 21. Ng5 {[%emt 0:00:29]} Rxg5 {[%emt 0:01:05]} 22. hxg5 {[%emt 0:00:08]} Qxg5 {[%emt 0:00:04]} 23. Qd1 {[%emt 0:01:58]} h4 {[%emt 0:00:33]} 24. Qc1 {[%emt 0:00:55]} Qh5 {[%emt 0:03:27]} 25. Qd1 {[%emt 0:01:45]} Qg5 {[%emt 0:04:09]} 26. Qc1 {[%emt 0:00:57]} Qh5 {[%emt 0:00:09]} 27. Qd1 {[%emt 0:00:22]} 1/2-1/2

[Event "European Amateur-ch U2300 2019"]
[Site "Rhodes"]
[Date "2019.04.06"]
[Round "1.4"]
[White "Brouwer, Dennis"]
[Black "Van De Perre, Tom"]
[Result "1-0"]
[WhiteElo "2179"]
[BlackElo "2102"]
[Annotator "NA"]
[PlyCount "65"]
[EventDate "2019.04.06"]
[EventType "swiss"]
[EventCountry "GRE"]
[SourceTitle "playchess.com"]
[Source "ChessBase"]
[SourceQuality "1"]
[TimeControl "40/5400+30:1800+30"]

1. e4 {[%emt 0:00:00]} c5 {[%emt 0:00:00]} 2. Nc3 {[%emt 0:00:00]} e6 {[%emt 0:00:00]} 3. Nf3 {[%emt 0:00:21]} a6 {[%emt 0:00:47]} 4. d4 {[%emt 0:00:24]} cxd4 {[%emt 0:00:13]} 5. Nxd4 {[%emt 0:00:07]} Qc7 {[%emt 0:00:39]} 6. Bd3 {[%emt 0:00:19]} Nf6 {[%emt 0:02:20]} 7. O-O {[%emt 0:00:15]} d6 {[%emt 0:11:59]} 8. Kh1 {[%emt 0:03:49]} Nbd7 {[%emt 0:03:27]} 9. f4 {[%emt 0:06:41]} b5 {[%emt 0:02:10]} 10. Bd2 {[%emt 0:10:51]} Bb7 {[%emt 0:09:15]} 11. Qe2 {[%emt 0:01:02]} Be7 {[%emt 0:05:06]} 12. a4 {[%emt 0:07:32]} b4 {[%emt 0:02:18]} 13. Na2 {[%emt 0:00:35]} Qb6 {[%emt 0:06:11]} 14. Nf3 {[%emt 0:21:03]} d5 {[%emt 0:10:50]} 15. a5 {[%emt 0:08:49]} Qxa5 {[%emt 0:06:07]} 16. exd5 {[%emt 0:02:18]} Qb6 {[%emt 0:09:09]} 17. dxe6 {[%emt 0:04:50]} fxe6 {[%emt 0:00:08]} 18. f5 {[%emt 0:03:16]} a5 {[%emt 0:10:21]} 19. fxe6 {[%emt 0:05:07]} Nb8 {[%emt 0:01:15]} 20. Ng5 {[%emt 0:05:23]} Nc6 {[%emt 0:02:42]} 21. Nf7 {[%emt 0:07:42]} Rf8 {[%emt 0:05:25]} 22. c3 {[%emt 0:01:30]} Ba6 {[%emt 0:04:29]} 23. Nxb4 {[%emt 0:03:14]} Nxb4 {[%emt 0:00:53]} 24. cxb4 {[%emt 0:00:08]} Bxd3 {[%emt 0:00:26]} 25. Qxd3 {[%emt 0:00:07]} Qxe6 {[%emt 0:00:24]} 26. Ng5 {[%emt 0:00:45]} Qd7 {[%emt 0:02:38]} 27. Qe2 {[%emt 0:00:34]} Rd8 {[%emt 0:00:52]} 28. Rae1 {[%emt 0:01:04]} axb4 {[%emt 0:01:50]} 29. Bxb4 {[%emt 0:01:14]} Nd5 {[%emt 0:00:09]} 30. Qh5+ {[%emt 0:01:52]} g6 {[%emt 0:00:16]} 31. Rxf8+ {[%emt 0:00:12]} Kxf8 {[%emt 0:00:10]} 32. Qxh7 {[%emt 0:01:15]} Bxb4 {[%emt 0:00:28]} 33. Qh8# {[%emt 0:00:05]} 1-0

[Event "European Amateur-ch U2300 2019"]
[Site "Rhodes"]
[Date "2019.04.06"]
[Round "1.5"]
[White "Shukan, Alexander"]
[Black "Zherebtsova, Alexandra"]
[Result "0-1"]
[WhiteElo "2088"]
[BlackElo "2203"]
[Annotator "NA"]
[PlyCount "72"]
[EventDate "2019.04.06"]
[EventType "swiss"]
[EventCountry "GRE"]
[SourceTitle "playchess.com"]
[Source "ChessBase"]
[SourceQuality "1"]
[TimeControl "40/5400+30:1800+30"]

1. e4 {[%emt 0:00:00]} e5 {[%emt 0:00:00]} 2. Nf3 {[%emt 0:00:00]} Nc6 {[%emt 0:00:00]} 3. d4 {[%emt 0:00:00]} exd4 {[%emt 0:00:00]} 4. Bc4 {[%emt 0:00:00]} Nf6 {[%emt 0:00:32]} 5. O-O {[%emt 0:00:00]} Nxe4 {[%emt 0:03:20]} 6. Re1 {[%emt 0:00:01]} d5 {[%emt 0:00:43]} 7. Bxd5 {[%emt 0:00:05]} Qxd5 {[%emt 0:00:04]} 8. Nc3 {[%emt 0:00:05]} Qa5 {[%emt 0:02:18]} 9. Nxe4 {[%emt 0:00:06]} Be6 {[%emt 0:00:29]} 10. Bd2 {[%emt 0:00:08]} Qh5 {[%emt 0:25:47]} 11. Bg5 {[%emt 0:00:34]} h6 {[%emt 0:05:54]} 12. Bf6 {[%emt 0:00:05]} Qd5 {[%emt 0:35:16]} 13. c3 {[%emt 0:29:03]} Ne7 {[%emt 0:06:07]} 14. c4 {[%emt 0:13:13]} Qxc4 {[%emt 0:07:18]} 15. Rc1 {[%emt 0:00:30]} Qb4 {[%emt 0:00:45]} 16. a3 {[%emt 0:03:23]} Qa5 {[%emt 0:02:19]} 17. b4 {[%emt 0:04:07]} Qxa3 {[%emt 0:00:49]} 18. Rxc7 {[%emt 0:06:05]} Nd5 {[%emt 0:02:46]} 19. Rxb7 {[%emt 0:13:52]} Qa6 {[%emt 0:02:24]} 20. Nd6+ {[%emt 0:12:38]} Bxd6 {[%emt 0:00:46]} 21. Nxd4 {[%emt 0:01:32]} Qxb7 {[%emt 0:01:35]} 22. Nf5 {[%emt 0:01:05]} Bxb4 {[%emt 0:00:56]} 23. Nxg7+ {[%emt 0:02:43]} Kd7 {[%emt 0:00:38]} 24. Re4 {[%emt 0:01:14]} Bd6 {[%emt 0:00:12]} 25. Nh5 {[%emt 0:02:38]} Rhb8 {[%emt 0:00:28]} 26. Re1 {[%emt 0:00:47]} Nxf6 {[%emt 0:00:31]} 27. Nxf6+ {[%emt 0:02:09]} Kc7 {[%emt 0:00:19]} 28. Qa4 {[%emt 0:01:11]} Qb5 {[%emt 0:00:41]} 29. Rc1+ {[%emt 0:00:16]} Kb6 {[%emt 0:00:34]} 30. Qe4 {[%emt 0:00:52]} a5 {[%emt 0:00:19]} 31. Rb1 {[%emt 0:00:44]} Bb4 {[%emt 0:00:06]} 32. Qe3+ {[%emt 0:00:17]} Ka6 {[%emt 0:00:29]} 33. Ne4 {[%emt 0:00:17]} Rd8 {[%emt 0:00:42]} 34. Qf3 {[%emt 0:01:52]} Rac8 {[%emt 0:00:43]} 35. Rf1 {[%emt 0:03:05]} Qxf1+ {[%emt 0:00:25]} 36. Kxf1 {[%emt 0:00:13]} Rc1+ {[%emt 0:00:04]} 0-1

[Event "European Amateur-ch U2300 2019"]
[Site "Rhodes"]
[Date "2019.04.09"]
[Round "2.1"]
[White "Yungucu, Arda"]
[Black "Zherebtsova, Alexandra"]
[Result "0-1"]
[WhiteElo "1959"]
[BlackElo "2203"]
[Annotator "ChessBase"]
[PlyCount "235"]
[EventDate "2019.04.06"]
[EventType "swiss"]
[EventCountry "GRE"]
[SourceTitle "playchess.com"]
[Source "ChessBase"]
[SourceQuality "1"]
[TimeControl "40/5400+30:1800+30"]

1. Nf3 {[%emt 0:00:00]} d5 {[%emt 0:00:00]} 2. g3 {[%emt 0:00:00]} g6 {[%emt 0:00:00]} 3. Bg2 {[%emt 0:00:00]} Bg7 {[%emt 0:00:00]} 4. O-O {[%emt 0:00:06]} e5 {[%emt 0:01:36]} 5. d3 {[%emt 0:01:19]} Ne7 {[%emt 0:02:37]} 6. e4 {[%emt 0:04:40]} O-O {[%emt 0:15:50]} 7. exd5 {[%emt 0:07:00]} Nxd5 {[%emt 0:00:56]} 8. Bg5 {[%emt 0:04:45]} f6 {[%emt 0:02:55]} 9. Bd2 {[%emt 0:00:09]} Nc6 {[%emt 0:02:06]} 10. Nc3 {[%emt 0:02:25]} Nde7 {[%emt 0:13:10]} 11. Be3 {[%emt 0:07:11]} Nf5 {[%emt 0:05:38]} 12. Bc5 {[%emt 0:04:47]} Re8 {[%emt 0:01:03]} 13. Nd2 {[%emt 0:06:33]} Be6 {[%emt 0:04:34]} 14. Nc4 {[%emt 0:09:12]} Qd7 {[%emt 0:11:17]} 15. Ne4 {[%emt 0:04:26]} Rad8 {[%emt 0:05:56]} 16. Ne3 {[%emt 0:03:56]} b6 {[%emt 0:04:01]} 17. Ng4 {[%emt 0:07:48]} Kf7 {[%emt 0:05:56]} 18. Ba3 {[%emt 0:00:33]} Nfd4 {[%emt 0:01:54]} 19. Ne3 {[%emt 0:02:41]} Nb5 {[%emt 0:02:52]} 20. Ng5+ {[%emt 0:08:25]} fxg5 {[%emt 0:03:10]} 21. Qf3+ {[%emt 0:00:07]} Kg8 {[%emt 0:01:00]} 22. Qxc6 {[%emt 0:00:09]} Nxa3 {[%emt 0:01:09]} 23. Qxd7 {[%emt 0:01:47]} Bxd7 {[%emt 0:01:11]} 24. bxa3 {[%emt 0:00:25]} e4 {[%emt 0:01:25]} 25. Rad1 {[%emt 0:00:42]} exd3 {[%emt 0:02:01]} 26. Rxd3 {[%emt 0:05:36]} Be6 {[%emt 0:02:02]} 27. Nd5 {[%emt 0:02:48]} Bf5 {[%emt 0:02:38]} 28. Ne7+ {[%emt 0:00:29]} Kf7 {[%emt 0:01:38]} 29. Nxf5 {[%emt 0:01:52]} gxf5 {[%emt 0:00:06]} 30. Bc6 {[%emt 0:00:51]} Rf8 {[%emt 0:00:59]} 31. Rfd1 {[%emt 0:01:16]} Rxd3 {[%emt 0:03:21]} 32. Rxd3 {[%emt 0:00:15]} Ke6 {[%emt 0:01:50]} 33. Kf1 {[%emt 0:04:15]} Be5 {[%emt 0:00:44]} 34. Ke2 {[%emt 0:05:19]} Bd6 {[%emt 0:00:17]} 35. a4 {[%emt 0:00:22]} a5 {[%emt 0:00:22]} 36. Re3+ {[%emt 0:02:20]} Kf6 {[%emt 0:00:44]} 37. Bd5 {[%emt 0:01:19]} Be5 {[%emt 0:00:43]} 38. h4 {[%emt 0:02:19]} gxh4 {[%emt 0:00:34]} 39. f4 {[%emt 0:00:20]} Bd6 {[%emt 0:00:29]} 40. Re6+ {[%emt 0:00:00]} Kg7 {[%emt 0:00:00]} 41. gxh4 {[%emt 0:00:21]} Bxf4 {[%emt 0:04:30]} 42. h5 {[%emt 0:24:15]} Rf6 {[%emt 0:10:06]} 43. Rxf6 {[%emt 0:00:00]} Kxf6 {[%emt 0:00:04]} 44. Bg8 {[%emt 0:00:00]} h6 {[%emt 0:00:20]} 45. Bb3 {[%emt 0:00:46]} Ke5 {[%emt 0:02:27]} 46. Kd3 {[%emt 0:02:08]} Bg5 {[%emt 0:01:07]} 47. Bf7 {[%emt 0:00:54]} Kf4 {[%emt 0:00:59]} 48. Be6 {[%emt 0:00:21]} Bf6 {[%emt 0:01:07]} 49. Bd7 {[%emt 0:01:04]} Bb2 {[%emt 0:02:30]} 50. Be6 {[%emt 0:01:01]} Ba3 {[%emt 0:01:00]} 51. Bd7 {[%emt 0:00:26]} Bc5 {[%emt 0:00:19]} 52. Be6 {[%emt 0:00:54]} Kg5 {[%emt 0:02:03]} 53. Bd7 {[%emt 0:00:38]} f4 {[%emt 0:00:53]} 54. Ke4 {[%emt 0:00:53]} Bd6 {[%emt 0:00:33]} 55. Be8 {[%emt 0:00:30]} Kg4 {[%emt 0:00:17]} 56. Kd3 {[%emt 0:01:50]} Kf3 {[%emt 0:01:08]} 57. Bc6+ {[%emt 0:00:07]} Kf2 {[%emt 0:01:13]} 58. Bd5 {[%emt 0:00:22]} f3 {[%emt 0:01:16]} 59. Bc6 {[%emt 0:00:17]} Bc5 {[%emt 0:03:15]} 60. Bd5 {[%emt 0:00:19]} Kg3 {[%emt 0:02:05]} 61. Bc6 {[%emt 0:00:15]} Kg4 {[%emt 0:00:57]} 62. Be8 {[%emt 0:00:41]} f2 {[%emt 0:01:08]} 63. Ke2 {[%emt 0:00:03]} Kf4 {[%emt 0:00:16]} 64. Bc6 {[%emt 0:00:42]} Ke5 {[%emt 0:00:24]} 65. c3 {[%emt 0:00:37]} Kf4 {[%emt 0:00:39]} 66. Bd5 {[%emt 0:00:54]} Kg3 {[%emt 0:00:13]} 67. Bc6 {[%emt 0:00:23]} Ba3 {[%emt 0:00:04]} 68. Bd5 {[%emt 0:01:21]} Bb2 {[%emt 0:00:05]} 69. c4 {[%emt 0:00:03]} Bd4 {[%emt 0:00:17]} 70. Bc6 {[%emt 0:00:07]} Kg4 {[%emt 0:01:58]} 71. Bf3+ {[%emt 0:00:08]} Kf4 {[%emt 0:00:47]} 72. Bg2 {[%emt 0:00:09]} Bc5 {[%emt 0:01:00]} 73. Bc6 {[%emt 0:02:02]} Ke5 {[%emt 0:01:18]} 74. Kf1 {[%emt 0:01:25]} Bd4 {[%emt 0:00:49]} 75. Ke2 {[%emt 0:00:54]} Kd6 {[%emt 0:00:16]} 76. Bg2 {[%emt 0:01:17]} Kc5 {[%emt 0:00:11]} 77. Kd3 {[%emt 0:00:02]} Bf6 {[%emt 0:00:19]} 78. a3 {[%emt 0:01:13]} Bb2 {[%emt 0:00:56]} 79. Ke2 {[%emt 0:01:04]} Kxc4 {[%emt 0:00:39]} 80. Kxf2 {[%emt 0:00:03]} Bxa3 {[%emt 0:00:50]} 81. Ke1 {[%emt 0:00:36]} c5 {[%emt 0:00:33]} 82. Kd2 {[%emt 0:00:23]} Kb3 {[%emt 0:00:06]} 83. Bc6 {[%emt 0:00:22]} c4 {[%emt 0:00:27]} 84. Bd5 {[%emt 0:00:07]} Bb2 {[%emt 0:00:59]} 85. Be6 {[%emt 0:01:09]} b5 {[%emt 0:00:43]} 86. axb5 {[%emt 0:00:21]} a4 {[%emt 0:00:03]} 87. Bf5 {[%emt 0:00:10]} Bc3+ {[%emt 0:00:55]} 88. Kc1 {[%emt 0:00:25]} a3 {[%emt 0:00:20]} 89. Bc2+ {[%emt 0:00:27]} Kb4 {[%emt 0:00:13]} 90. Bb1 {[%emt 0:00:21]} Kxb5 {[%emt 0:00:12]} 91. Kc2 {[%emt 0:00:17]} Be5 {[%emt 0:01:05]} 92. Ba2 {[%emt 0:00:07]} Kc5 {[%emt 0:00:13]} 93. Bb1 {[%emt 0:00:02]} Kd4 {[%emt 0:00:36]} 94. Ba2 {[%emt 0:00:01]} c3 {[%emt 0:00:39]} 95. Bb1 {[%emt 0:01:07]} Ke3 {[%emt 0:00:35]} 96. Kb3 {[%emt 0:00:13]} Kd2 {[%emt 0:00:09]} 97. Kxa3 {[%emt 0:00:02]} c2 {[%emt 0:00:10]} 98. Bxc2 {[%emt 0:00:02]} Kxc2 {[%emt 0:00:04]} 99. Ka2 {[%emt 0:00:20]} Bd4 {[%emt 0:00:47]} 100. Ka3 {[%emt 0:00:05]} Bc5+ {[%emt 0:00:48]} 101. Ka2 {[%emt 0:00:02]} Be3 {[%emt 0:00:27]} 102. Ka3 {[%emt 0:00:11]} Kd3 {[%emt 0:00:20]} 103. Kb3 {[%emt 0:00:02]} Ke2 {[%emt 0:00:46]} 104. Kc3 {[%emt 0:00:17]} Bg5 {[%emt 0:00:45]} 105. Kd4 {[%emt 0:00:32]} Be3+ {[%emt 0:00:30]} 106. Ke4 {[%emt 0:00:37]} Bc5 {[%emt 0:00:45]} 107. Kf4 {[%emt 0:00:27]} Kf2 {[%emt 0:00:06]} 108. Kg4 {[%emt 0:00:17]} Kg2 {[%emt 0:00:20]} 109. Kh4 {[%emt 0:00:09]} Be7+ {[%emt 0:00:24]} 110. Kg4 {[%emt 0:00:02]} Bg5 {[%emt 0:00:14]} 111. Kf5 {[%emt 0:00:18]} Kf3 {[%emt 0:00:06]} 112. Ke5 {[%emt 0:00:09]} Be3 {[%emt 0:00:23]} 113. Kf5 {[%emt 0:00:16]} Bf4 {[%emt 0:00:11]} 114. Kg6 {[%emt 0:03:47]} Kg4 {[%emt 0:00:57]} 115. Kf6 {[%emt 0:00:03]} Kxh5 {[%emt 0:00:26]} 116. Kf5 {[%emt 0:00:01]} Bg5 {[%emt 0:00:07]} 117. Ke4 {[%emt 0:00:03]} Kg4 {[%emt 0:00:04]} 118. Kd4 {[%emt 0:00:14]} 0-1